The media in transitional democracies / (Record no. 3089)
| 000 -LEADER | |
|---|---|
| fixed length control field | 03271cam a2200385 i 4500 |
| 001 - CONTROL NUMBER | |
| control field | 17855504 |
| 003 - CONTROL NUMBER IDENTIFIER | |
| control field | OSt |
| 005 - DATE AND TIME OF LATEST TRANSACTION | |
| control field | 20160901120453.0 |
| 008 - FIXED-LENGTH DATA ELEMENTS--GENERAL INFORMATION | |
| fixed length control field | 130816s2013 enk b 001 0 eng d |
| 010 ## - LIBRARY OF CONGRESS CONTROL NUMBER | |
| LC control number | 2012277597 |
| 015 ## - NATIONAL BIBLIOGRAPHY NUMBER | |
| National bibliography number | GBB172170 |
| Source | bnb |
| 016 7# - NATIONAL BIBLIOGRAPHIC AGENCY CONTROL NUMBER | |
| Record control number | 015825948 |
| Source | Uk |
| 020 ## - INTERNATIONAL STANDARD BOOK NUMBER | |
| International Standard Book Number | 9780745644585 (hbk.) |
| 020 ## - INTERNATIONAL STANDARD BOOK NUMBER | |
| International Standard Book Number | 0745644589 (hbk.) |
| 020 ## - INTERNATIONAL STANDARD BOOK NUMBER | |
| International Standard Book Number | 9780745644592 (pbk.) |
| 020 ## - INTERNATIONAL STANDARD BOOK NUMBER | |
| International Standard Book Number | 0745644597 (pbk.) |
| 035 ## - SYSTEM CONTROL NUMBER | |
| System control number | (OCoLC)ocn844772136 |
| 040 ## - CATALOGING SOURCE | |
| Original cataloging agency | UKMGB |
| Language of cataloging | eng |
| Description conventions | rda |
| Transcribing agency | UKMGB |
| Modifying agency | COD |
| -- | NGU |
| -- | STF |
| -- | DLC |
| 042 ## - AUTHENTICATION CODE | |
| Authentication code | lccopycat |
| 050 00 - LIBRARY OF CONGRESS CALL NUMBER | |
| Classification number | P95.8.V65 2013 |
| 082 04 - DEWEY DECIMAL CLASSIFICATION NUMBER | |
| Classification number | 302.23 |
| Edition number | 22 |
| 100 1# - MAIN ENTRY--PERSONAL NAME | |
| Personal name | Voltmer, Katrin. |
| 245 14 - TITLE STATEMENT | |
| Title | The media in transitional democracies / |
| Statement of responsibility, etc | Katrin Voltmer. |
| 300 ## - PHYSICAL DESCRIPTION | |
| Extent | ix, 275 pages ; |
| Dimensions | 23 cm. |
| 490 1# - SERIES STATEMENT | |
| Series statement | Contemporary political communication |
| 504 ## - BIBLIOGRAPHY, ETC. NOTE | |
| Bibliography, etc | Includes bibliographical references (pages 233-257) and index. |
| 505 0# - FORMATTED CONTENTS NOTE | |
| Formatted contents note | Part I: What Democracy - What media? -- 1. Democracy and democratisation: one idea, many roads -- 2. Democratic media: a question of means and ends -- Part II:The media and political change across time and space -- 3. Mass media and political change: technological structure and journalistic agency -- 4. Complex transitions and uncertain outcomes: the media and democratisation over time -- 5. Emerging media systems and the legacies of the past -- Part III: Transforming the media-- 6. Media and the state -- 7. Media markets -- 8. Political parallelism -- 9. Journalistic professionalism. |
| 520 ## - SUMMARY, ETC. | |
| Summary, etc | The last quarter of a century has seen an unprecedented wave of democratization around the globe. In these transitions from authoritarian rule to a more democratic order, the media have played a key role both by facilitating, but frequently also inhibiting, democratic practices to take root. This book provides an accessible and systematic introduction to the media in transitional democracies. It analyses the problems that occur when transforming the media into independent institutions that are able to inform citizens and hold governments to account. The book covers the following topics: normative conceptions of media and democracy; the role of the past in the transition process; the internet as a new space for democratic change; the persistence of political interference in emerging democracies; the interlocking power of media markets and political ownership; the challenges to journalistic professionalism in post authoritarian contexts; the role of the media in divided societies; The book takes a global view by exploring the interplay of political and media transitions in different pathways of democratization that have taken place in Eastern Europe, Latin America, Africa and Asia. It will be of interest to advanced students and scholars who want a better understanding of the media outside established Western democracies. The book will also be of great value to policymakers and activists who are involved in strengthening the media in transitional democracies. |
| 650 #0 - SUBJECT ADDED ENTRY--TOPICAL TERM | |
| Topical term or geographic name as entry element | Mass media |
| General subdivision | Political aspects. |
| 650 #0 - SUBJECT ADDED ENTRY--TOPICAL TERM | |
| Topical term or geographic name as entry element | New democracies. |
| 830 #0 - SERIES ADDED ENTRY--UNIFORM TITLE | |
| Uniform title | Contemporary political communication. |
| 906 ## - LOCAL DATA ELEMENT F, LDF (RLIN) | |
| a | 7 |
| b | cbc |
| c | copycat |
| d | 2 |
| e | ncip |
| f | 20 |
| g | y-gencatlg |
| 942 ## - ADDED ENTRY ELEMENTS (KOHA) | |
| Source of classification or shelving scheme | |
| Koha item type | Book |
| Withdrawn status | Lost status | Source of classification or shelving scheme | Damaged status | Not for loan | Home library | Current library | Shelving location | Date acquired | Total Checkouts | Full call number | Barcode | Date last seen | Copy number | Price effective from | Koha item type |
|---|---|---|---|---|---|---|---|---|---|---|---|---|---|---|---|
| Riara University Library | Riara University Library | General stack | 01/09/2016 | P95.8.V65 2013 | 7789/16 | 01/09/2016 | C.1 | 01/09/2016 | Book |
